| 000 | 00535nam a22002057a 4500 | ||
|---|---|---|---|
| 003 | LK-CoDNM | ||
| 005 | 20250205150659.0 | ||
| 008 | 250205b |||||||| |||| 00| 0 eng d | ||
| 040 |
_aLK-CoDNM _dLK-CoDNM _eLK-CoDNM |
||
| 041 | _aeng | ||
| 080 |
_a13 _bu11 |
||
| 100 | _aNeedham Joseph | ||
| 245 | _aA History Of Embryology | ||
| 260 |
_aCambridge _bAt Th e University Press _c1934 |
||
| 300 | _axviii, 274p . : ill ; 23 cm | ||
| 650 | _aEmbryology | ||
| 650 | _aIndian Antiquity | ||
| 650 | _aAristotle | ||
| 942 | _cBK | ||
| 999 |
_c237843 _d237843 |
||